| 000 | 00790nam a2200229 i 4500 | ||
|---|---|---|---|
| 001 | 70447 | ||
| 003 | ES-MaACL | ||
| 005 | 20260216063017.0 | ||
| 007 | t| | ||
| 008 | 040726s1930 sp ||||1| spa d | ||
| 100 | 1 |
_aGarcitoral, Alicio, _d1902-2003 _955477 |
|
| 245 | 1 | 0 |
_aMonarquía y república / _cpor Alicio Garcitoral ; prólogo de Marcelino Domingo. |
| 260 |
_aValencia : _b[Cuadernos de Cultura], _c1930 ( _fTip. P. Quiles) |
||
| 300 |
_a70 p. ; _c17 cm. |
||
| 490 | 1 |
_aCuadernos de cultura ; _v13. Política ; _v5 |
|
| 650 | 4 |
_aMonarquía. _915143 |
|
| 650 | 7 |
_aRepública _2embne _9158495 |
|
| 700 | 1 |
_aDomingo, Marcelino, _d1884-1939 _945120 |
|
| 830 | 1 |
_aCuadernos de cultura _v13. Política ; _v5 _9181245 |
|
| 852 |
_aES-MaACL _j1923-F-11 |
||
| 999 |
_c70447 _d70447 |
||